000 00550nam a2200193Ia 4500
003 LDD
008 181029s9999 xx 000 0 und d
020 _a831132906
_c
_27.50
040 _cLDD
100 _aAlvarez, William
245 0 _aRoll Form Tool Design fundamentals
_cWilliam Alvarez
260 _aNew York
_bIndustrial Press
_c2006
300 _a117p.
365 _b
_27.50
901 _a3716
_b19-01-2007
902 _aANE/D/710
_b19-01-2007
_cF
_dANE
_e62
903 _aDiscount-10
_bReqst by : P. Srinivasan Kumar
942 _2ddc
_cBK
999 _c78166
_d78166